| 000 | 01305nam a2200289 i 4500 | ||
|---|---|---|---|
| 001 | 151509 | ||
| 003 | ES-MaACL | ||
| 005 | 20250627063647.0 | ||
| 008 | 931025s1788 sp a b |||| |dlat d | ||
| 100 | 1 |
_aAntonio, Nicolás, _d1617-1684 _921980 |
|
| 245 | 1 | 0 |
_aBibliotheca hispana nova sive hispanorum scriptorum qui ab anno \RMD\R ad \RMDCLXXXIV\R floruere notitia / _cauctore D. Nicolao Antonio ... ; tomus secundus. |
| 250 |
_aNunc primum prodit recognita emendata aucta _bab ipso auctore. |
||
| 260 |
_aMatriti : _bapud viduam et heredes Joachimi de Ibarra ..., _c1788. |
||
| 300 |
_a[4], 669, [1] p. ; _cFol. |
||
| 530 | _aDisponible en formato digital. | ||
| 594 | _aMención de ed. precede a mención de parte. | ||
| 597 | _aSign.: [ ]\p2\s, A-Z\p4\s, 2A-2Z\p4\s, 3A-3Z\p4\s, 4A-4P\p4\s,. | ||
| 597 | _aAntep. | ||
| 597 | _aPort. con grab. calc.: "Raf. Ximeno lo inv. y dib. Mariano Brandi lo grabó" | ||
| 597 | _aTexto a dos col. | ||
| 650 | 4 |
_aEscritores españoles- _yS.XVI-XVII- _vBiobibliografías. _9166271 |
|
| 700 | 1 |
_aIbarra, Joaquín, _cViuda de. _9128135 |
|
| 752 |
_aEspaña - _dMadrid |
||
| 852 |
_aES-MaACL _jR-127 _z- Enc. hol. |
||
| 856 |
_uhttp://bivaldi.gva.es/es/consulta/registro.cmd?id=6505 _zBiblioteca Valenciana Digital |
||
| 999 |
_c151509 _d151509 |
||